000 00602nam a2200193 a 4500
003 BD-DhJNU
005 20250715045029.0
008 830921s1983 ii b 001 0 eng
020 _a0706922158
040 _aBD-DhJNU
_bENG
_cBD-DhJNU
_dBD-DhJNU
082 0 0 _a324 KHG
_223
100 1 _aKhan, Mohammad Asghar
245 1 0 _aGenerals in politics :
_bPakistan 1958-1982 /
_cMohammad Asghar Khan.
260 _aNew Delhi :
_bVikas,
_c1983.
300 _avi, 230 p. ;
_c22 cm.
504 _aIncludes bibliographical references and index.
650 0 _aGenerals
_xPolitical activity
_zPakistan..
942 _cBK
999 _c1893
_d1893